000 00512nam a2200217Ia 4500
003 OSt
005 20220928141038.0
006 a|||||r|||| 00| 0
007 ta
008 220927b |||||||| |||| 00| 0 eng d
024 _a13093
037 _cTextual
040 _aSDCL
_cSDCL
_beng
041 _2eng
_aeng
082 _aO-,3NMR,1, L9
100 _aMoss Rose
_9498662
245 0 _aTerrorist
260 _c1979
942 _hO-,3NMR,1, L9
_cTEXL
_2CC
999 _c815502
_d815502